Complete Original Pokemon Theme Song - Statistics

General Stats
  • This quiz has been taken 66 times
  • The average score is 124 of 143
Answer Stats
Answer % Correct
a
100%
A
100%
all
100%
be
100%
best
100%
catch
100%
ever
100%
I
100%
is
100%
my
100%
no
100%
one
100%
Pokemon
100%
the
100%
them
100%
To
100%
to
100%
very
100%
wanna
100%
was
100%
win
100%
and
97%
'em
97%
Gotta
97%
gotta
97%
real
97%
train
97%
you
97%
You
97%
across
94%
cause
94%
In
94%
in
94%
inside
94%
Like
94%
me
94%
power
94%
test
94%
that's
94%
will
94%
destiny
91%
far
91%
friend
91%
It's
91%
it's
91%
land
91%
travel
91%
understand
91%
we
91%
wide
91%
defend
89%
Searching
89%
world
89%
know
86%
must
86%
Our
86%
our
86%
teach
86%
you're
83%
I'll
80%
through
80%
courage
77%
so
77%
true
77%
us
77%
heart
74%
Oh
74%
pull
71%
Each
66%
fight
66%
dream
60%
right
60%
With
60%
with
60%
battle
54%
better
54%
challenge
54%
Come
54%
Every
54%
every
54%
place
54%
rightful
54%
team
54%
There's
54%
along
51%
always
51%
claim
51%
face
51%
time
51%
way
51%
day
49%
been
46%
we'll
43%
Arm
34%
arm
34%
No matching quizzes found
Score Distribution
Percent of People with Each Score
Percentile by Number Answered
Your Score History
You have not taken this quiz